000 00808nmm a2200265 a 4500
001 ocm000551437
003 TR-IsHL
005 20201028141340.0
008 131226s2010 tu tur
007 cr cn
020 _a9789757763406
035 _a551437
_b(N$T)
050 0 4 _aHB171.5
_b.Ş25 2010
090 0 4 _aHB171.5
_b.Ş25 2010
100 1 _aŞahin, Hüseyin
245 1 0 _aİktisada giriş
_h[electronic resource] /
_cHüseyin Şahin
260 _aBursa :
_bEzgi Kitabevi,
_c2010
300 _a598 p.
650 4 _aEkonomi ve Finans
650 4 _aEconomics and Finance
650 0 _aEkonomi
650 0 _aEconomics
650 7 _aBUSINESS & ECONOMICS / Economics / General
_2bisacsh
856 4 0 _uhttp://search.ebscohost.com/login.aspx?direct=true&scope=site&db=e011xww&AN=551437
999 _c7770
_d7770